000 00273nam a2200109Ia 4500
008 220204s9999 xx 000 0 und d
082 _a678.074
_bIRS;1
245 0 _aOutlook for elastomers 2000-2001
260 _aUK
_bIRSG
_c2000
650 _aElastomer industry
942 _cBK
999 _c44179
_d44179